header

Listening myths (Record no. 6610)

MARC details
000 -LEADER
fixed length control field 01462nam a2200325 a 4500
001 - CONTROL NUMBER
control field ebr10699906
003 - CONTROL NUMBER IDENTIFIER
control field CaPaEBR
006 - FIXED-LENGTH DATA ELEMENTS--ADDITIONAL MATERIAL CHARACTERISTICS--GENERAL INFORMATION
fixed length control field m o u
007 - PHYSICAL DESCRIPTION FIXED FIELD--GENERAL INFORMATION
fixed length control field cr cn|||||||||
008 - FIXED-LENGTH DATA ELEMENTS--GENERAL INFORMATION
fixed length control field 150303s2011 miu sb 001 0 eng d
020 ## - INTERNATIONAL STANDARD BOOK NUMBER
Cancelled/invalid ISBN 9780472034598
Cancelled/invalid ISBN 9780472029853 (e-book)
040 ## - CATALOGING SOURCE
Original cataloging agency CaPaEBR
Transcribing agency CaPaEBR
035 ## - SYSTEM CONTROL NUMBER
System control number (OCoLC)843880810
050 14 - LIBRARY OF CONGRESS CALL NUMBER
Classification number PE1128.A2
Item number .B735 2011eb
082 04 - DEWEY DECIMAL CLASSIFICATION NUMBER
Classification number 428.0071
Edition number 22
100 1# - MAIN ENTRY--PERSONAL NAME
Personal name Brown, Steven,
Dates associated with a name 1952-
245 10 - TITLE STATEMENT
Title Listening myths
Medium [electronic resource] :
Remainder of title applying second language research to classroom teaching /
Statement of responsibility, etc Steven Brown.
260 ## - PUBLICATION, DISTRIBUTION, ETC. (IMPRINT)
Place of publication, distribution, etc Ann Arbor, Mich. :
Name of publisher, distributor, etc University of Michigan Press,
Date of publication, distribution, etc c2011.
300 ## - PHYSICAL DESCRIPTION
Extent 1 online resource (xii, 195 p.)
504 ## - BIBLIOGRAPHY, ETC. NOTE
Bibliography, etc Includes bibliographical references and indexes.
533 ## - REPRODUCTION NOTE
Type of reproduction Electronic reproduction.
Place of reproduction Palo Alto, Calif. :
Agency responsible for reproduction ebrary,
Date of reproduction 2015.
Note about reproduction Available via World Wide Web.
-- Access may be limited to ebrary affiliated libraries.
588 ## - SOURCE OF DESCRIPTION NOTE
Source of description note Description based on online resource; title from title page (ebrary, viewed May 28, 2013).
650 #0 - SUBJECT ADDED ENTRY--TOPICAL TERM
Topical term or geographic name as entry element English language
General subdivision Study and teaching
-- Foreign speakers
-- Evaluation.
Topical term or geographic name as entry element Second language acquisition
General subdivision Research
-- Methodology.
Topical term or geographic name as entry element English teachers
General subdivision Training of
-- Social aspects.
655 #7 - INDEX TERM--GENRE/FORM
Genre/form data or focus term Electronic books.
Source of term local
710 2# - ADDED ENTRY--CORPORATE NAME
Corporate name or jurisdiction name as entry element ebrary, Inc.
856 40 - ELECTRONIC LOCATION AND ACCESS
Uniform Resource Identifier <a href="http://site.ebrary.com/lib/rucke/Doc?id=10699906">http://site.ebrary.com/lib/rucke/Doc?id=10699906</a>
Public note An electronic book accessible through the World Wide Web; click to view

No items available.

© 2026 Rongo University
Contact us: librarian | system librarian | Rongo university